000
00220nam a2200097Ia 4500
008
230907s9999||||xx |||||||||||||| ||und||
082
_a
363.731
_b
AGA
245
0
_a
Industrial environment :
260
_c
2013
942
_c
BK
999
_c
599055
_d
599055